| 000 | 00619nam a2200229Ia 4500 | ||
|---|---|---|---|
| 003 | OSt | ||
| 005 | 20221005123417.0 | ||
| 006 | a|||||r|||| 00| 0 | ||
| 007 | ta | ||
| 008 | 221004b |||||||| |||| 00| 0 eng d | ||
| 024 | _a58419 | ||
| 037 | _cTextual | ||
| 040 |
_aCRL _cCRL _beng |
||
| 041 |
_2eng _aeng |
||
| 082 | _aV2:25xM56:9, J6-;3 | ||
| 100 | _aShay Theodore L | ||
| 245 | 0 |
_aLegacy of the Lokamanya _b The political philosophy of Bal Gangadhar Tilak |
|
| 260 | _c1956 | ||
| 650 | _aHISTORY | ||
| 942 |
_hV2:25xM56:9, J6-;3 _cTEXL _2cc |
||
| 999 |
_c1047331 _d1047331 |
||